Canada's Rio D'Janeiro Olympic Medal Winners 2016 - Statistics

General Stats
  • This quiz has been taken 12 times
  • The average score is 12 of 20
Answer Stats
Sport Gold Silver Bronze Athlete % Correct
Athletics 0 0 1 Aaron Brown, Andre De Grasse, Akeem Haynes, Brendon Rodney, Mobolade Ajomale
89%
Athletics 0 1 2 Andre De Grasse
89%
Swimming 0 0 1 Katerine Savard, Penny Oleksiak, Emily Overholt, Brittany MacLean, Taylor Ruck, Kennedy Goss
89%
Swimming 1 1 2 Penny Oleksiak
89%
Swimming 0 0 1 Sandrine Mainville, Penny Oleksiak, Chantal van Landeghem, Michelle Williams, Taylor Ruck
89%
Football 0 0 1 Christine Sinclair
78%
Diving 0 0 1 Meaghan Benfeito
67%
Diving 0 0 1 Meaghan Benfeito & Roseline Filion
67%
Athletics 0 0 1 Damian Warner
56%
Athletics 1 0 0 Derek Drouin
56%
Swimming 0 0 1 Kylie Masse
56%
Gymnastics 1 0 0 Rosie MacLennan
56%
Cycling 0 0 1 Allison Beveridge, Laura Brown, Jasmin Glaesser, Kirsti Lay, Georgia Simmerling
44%
Wrestling 1 0 0 Erica Wiebe
44%
Athletics 0 0 1 Brianne Theisen-Eaton
33%
Cycling 0 0 1 Catharine Pendrel
33%
Equestrian 0 0 1 Eric Lamaze
33%
Swimming 0 0 1 Hilary Caldwell
33%
Rugby Sevens 0 0 1 Jen Kish
33%
Rowing 0 1 0 Lindsay Jennerich & Patricia Obee
33%
No matching quizzes found
Score Distribution
Percent of People with Each Score
Percentile by Number Answered
Your Score History
You have not taken this quiz